ARRUPE JESUIT UNIVERSITY

CORONAVIRUS -STOP THE SPREAD - CLEAN,DISINFECT,COVER

It's not about the bike: (Record no. 6700)

MARC details
000 -LEADER
fixed length control field 00517nam a2200217Ia 4500
003 - CONTROL NUMBER IDENTIFIER
control field 0100
008 - FIXED-LENGTH DATA ELEMENTS--GENERAL INFORMATION
fixed length control field 130227s9999 xx 000 0 und d
040 ## - CATALOGING SOURCE
Transcribing agency ARRUPELIB
050 ## - LIBRARY OF CONGRESS CALL NUMBER
Classification number GV 1051 .A76 A3 2000
100 ## - MAIN ENTRY--PERSONAL NAME
Personal name Armstrong, Lance.
9 (RLIN) 38627
245 ## - TITLE STATEMENT
Title It's not about the bike:
Remainder of title my journey back to life /
260 ## - PUBLICATION, DISTRIBUTION, ETC. (IMPRINT)
Place of publication, distribution, etc London
Name of publisher, distributor, etc Yellow jersey Press
Date of publication, distribution, etc 2000
300 ## - PHYSICAL DESCRIPTION
Extent 275p.
300 ## - PHYSICAL DESCRIPTION
Other physical details 23cm.
650 ## - SUBJECT ADDED ENTRY--TOPICAL TERM
Topical term or geographic name as entry element Armstrong, Lance
9 (RLIN) 38627
700 ## - ADDED ENTRY--PERSONAL NAME
Personal name Jenkins, Sally.
9 (RLIN) 38628
942 ## - ADDED ENTRY ELEMENTS (KOHA)
Source of classification or shelving scheme Library of Congress Classification
Item type Monograph ( Printed materials)
Holdings
Withdrawn status Lost status Source of classification or shelving scheme Damaged status Not for loan Collection code Home library Current library Shelving location Date acquired Total Checkouts Full call number Barcode Date last seen Copy number Price effective from Koha item type
    Library of Congress Classification     Main Collection ARRUPE LIBRARY ARRUPE LIBRARY   27/02/2013   GV 1051 .A76 A3 2000 46409352 10/04/2018 1 27/02/2013 Monograph ( Printed materials)

 

Arrupe Library. PO Box MP320 Mt Pleasant, Harare, Zimbabwe
263 242 745411|librarian@aju.ac.zw